[Event "2021 FIDE Online Olympiad"]
[Site "Chess.com"]
[Date "2021.08.28"]
[Round "5.1"]
[White "Germinal, Kemly"]
[Black "Sanches, Casanova Romario"]
[Result "0-1"]
[WhiteElo "1000"]
[BlackElo "1954"]
[PlyCount "116"]
[EventDate "2021.08.27"]
[EventType "team"]
[EventRounds "9"]
[SourceVersionDate "2018.05.14"]
[WhiteTeam "Haiti"]
[BlackTeam "Suriname"]
[WhiteTeamCountry "HAI"]
[BlackTeamCountry "SUR"]

1. e4 c6 2. d4 d5 3. e5 c5 4. c3 Nc6 5. Na3 Bf5 6. Bd3 Bxd3 7. Qxd3 e6 8. Nc2
Qb6 9. Nf3 Rc8 10. O-O cxd4 11. cxd4 Nge7 12. b3 Nf5 13. Bb2 a5 14. a3 Be7 15.
Rfc1 O-O 16. Rab1 Rc7 17. Ne3 Nxe3 18. fxe3 Rfc8 19. Rc3 f5 20. Rbc1 Na7 21. g3
h6 22. h4 g5 23. Kh2 Rxc3 24. Rxc3 Rxc3 25. Qxc3 Kf7 26. Qc2 Qb5 27. Kg2 Nc6
28. Kf2 Qb6 29. Qd1 Qd8 30. hxg5 Bxg5 31. Qh1 Kg7 32. Qg1 Qb6 33. Qd1 Na7 34.
Qc2 Nc6 35. Qd1 a4 36. b4 Qb5 37. Qc2 Qc4 38. Qxc4 dxc4 39. Nd2 b5 40. Nb1 Ne7
41. Nc3 Nd5 42. Nxb5 Bxe3+ 43. Kf3 Bd2 44. Ke2 c3 45. Ba1 Kg6 46. Kd3 f4 47.
gxf4 h5 48. Ke4 h4 49. Kf3 c2 50. Bb2 c1=Q 51. Bxc1 Bxc1 52. Kg4 Bxf4 53. Kxh4
Bc1 54. Kg4 Kf7 55. Kf3 Ke7 56. Ke4 Kd7 57. Kd3 Kc6 58. Kc4 Ne3+ 0-1

[Event "2021 FIDE Online Olympiad"]
[Site "Chess.com"]
[Date "2021.08.28"]
[Round "5.2"]
[White "Panchoe, Pratul"]
[Black "Guillaume, Jude Mirvens"]
[Result "1/2-1/2"]
[WhiteElo "1837"]
[BlackElo "2022"]
[PlyCount "140"]
[EventDate "2021.08.27"]
[EventType "team"]
[EventRounds "9"]
[SourceVersionDate "2018.05.14"]
[WhiteTeam "Suriname"]
[BlackTeam "Haiti"]
[WhiteTeamCountry "SUR"]
[BlackTeamCountry "HAI"]

1. d4 d5 2. Bf4 Bf5 3. Nf3 e6 4. e3 Bd6 5. Bg3 h6 6. Nbd2 Nf6 7. c4 c6 8. Rc1
Bxg3 9. hxg3 Nbd7 10. Qb3 Qb6 11. c5 Qc7 12. Bd3 Bxd3 13. Qxd3 O-O 14. O-O Rfc8
15. b4 b6 16. Nb3 Ne4 17. a4 bxc5 18. Nxc5 Nexc5 19. bxc5 Rcb8 20. Rb1 Qa5 21.
Qc2 Qa6 22. Rfc1 Rb7 23. Rxb7 Qxb7 24. Rb1 Qc7 25. Rb4 Rb8 26. Qb3 Rxb4 27.
Qxb4 Qb8 28. Qa5 Kf8 29. Qa6 Qc7 30. g4 Ke7 31. g3 Nb8 32. Qd3 Nd7 33. g5 hxg5
34. Nxg5 Nf6 35. Nf3 Ne4 36. Kg2 Qb7 37. Ne5 f6 38. Ng6+ Kf7 39. Nf4 Qb2 40.
Qe2 Qxe2 41. Nxe2 e5 42. f3 Nd2 43. Kf2 Ke6 44. Nc3 Nb3 45. Ne2 Nd2 46. g4 g6
47. g5 fxg5 48. dxe5 Kxe5 49. Nd4 g4 50. fxg4 Ne4+ 51. Kf3 Nxc5 52. Nxc6+ Ke6
53. Nxa7 Nxa4 54. Kf4 Kf6 55. Nb5 Nc5 56. Nc7 g5+ 57. Kf3 Ke5 58. Nb5 Ne4 59.
Nd4 Nd2+ 60. Ke2 Nc4 61. Kd3 Nb2+ 62. Kc3 Nd1+ 63. Kd2 Nf2 64. Nf3+ Kf6 65. Nh2
Ke5 66. Ke2 Ne4 67. Nf3+ Kf6 68. Nd4 Ke5 69. Nf3+ Kf6 70. Nd4 Ke5 1/2-1/2

[Event "2021 FIDE Online Olympiad"]
[Site "Chess.com"]
[Date "2021.08.28"]
[Round "5.3"]
[White "Seine, Rose Berline"]
[Black "dos Ramos, Rosangela"]
[Result "1-0"]
[WhiteElo "1679"]
[BlackElo "1765"]
[PlyCount "105"]
[EventDate "2021.08.27"]
[EventType "team"]
[EventRounds "9"]
[SourceVersionDate "2018.05.14"]
[WhiteTeam "Haiti"]
[BlackTeam "Suriname"]
[WhiteTeamCountry "HAI"]
[BlackTeamCountry "SUR"]

1. e4 g6 2. d4 Bg7 3. Nf3 d6 4. Bc4 e6 5. Nc3 Nd7 6. Bg5 Ne7 7. Qd2 h6 8. Be3
a6 9. O-O-O b5 10. Be2 Bb7 11. Bd3 Nf6 12. h3 b4 13. Ne2 Bxe4 14. Bxe4 Nxe4 15.
Qxb4 Nxf2 16. Bxf2 O-O 17. Qd2 Rb8 18. Be3 Kh7 19. Rhf1 Nd5 20. Bg1 c5 21. Nc3
Qb6 22. b3 Nb4 23. Kb1 Rfc8 24. Na4 Qc6 25. Nb2 Nd5 26. c4 Nf6 27. dxc5 Ne4 28.
Qe3 Nc3+ 29. Ka1 Nxd1 30. Rxd1 dxc5 31. Bh2 Rb7 32. Be5 Rd7 33. Bxg7 Rxd1+ 34.
Nxd1 Kxg7 35. Kb2 Qd6 36. Qe5+ Qxe5+ 37. Nxe5 f6 38. Nd3 Kf7 39. Nc3 Ke7 40.
Ne4 e5 41. Nexc5 Rc6 42. Ne4 Ke6 43. Nb4 Rd6 44. Nxd6 Kxd6 45. Nxa6 f5 46. Kc2
g5 47. Kd3 h5 48. b4 g4 49. hxg4 hxg4 50. Nc5 e4+ 51. Nxe4+ fxe4+ 52. Kxe4 g3
53. Kf3 1-0

[Event "2021 FIDE Online Olympiad"]
[Site "Chess.com"]
[Date "2021.08.28"]
[Round "5.4"]
[White "Kaslan, Alexandra"]
[Black "Dunat, Kinberlie"]
[Result "1-0"]
[WhiteElo "1435"]
[BlackElo "1398"]
[PlyCount "99"]
[EventDate "2021.08.27"]
[EventType "team"]
[EventRounds "9"]
[SourceVersionDate "2018.05.14"]
[WhiteTeam "Suriname"]
[BlackTeam "Haiti"]
[WhiteTeamCountry "SUR"]
[BlackTeamCountry "HAI"]

1. d4 d5 2. Nf3 Nc6 3. Bf4 Nf6 4. e3 e6 5. Nbd2 Be7 6. c3 b6 7. Ne5 Bb7 8. Bd3
Nd7 9. Ndf3 f6 10. Ng5 fxg5 11. Qh5+ g6 12. Bxg6+ Kf8 13. Nf7 Kg7 14. Nxd8 hxg6
15. Nxe6+ Kf7 16. Nxg5+ Kg7 17. Qe2 Nf6 18. Ne6+ Kf7 19. Nxc7 Rac8 20. Nb5 Ne4
21. Bg3 Ba6 22. O-O Rh5 23. a4 Rch8 24. h3 Rf5 25. Qc2 Bc8 26. c4 Be6 27. Nc7
Nb4 28. Qe2 Bd7 29. cxd5 Nxd5 30. Nxd5 Rxd5 31. Qf3+ Bf5 32. Be5 Rhd8 33. g4
Nd2 34. Qf4 Bg5 35. Qg3 Nxf1 36. Rxf1 Bd3 37. Rd1 Bc2 38. Rc1 Bxa4 39. Rc7+
R8d7 40. Rxd7+ Rxd7 41. h4 Be7 42. Qf4+ Ke8 43. g5 Rd8 44. Bf6 Bd6 45. Qe4+ Kd7
46. Bxd8 Kxd8 47. Qxg6 Be8 48. Qxd6+ Bd7 49. g6 Ke8 50. g7 1-0

[Event "2021 FIDE Online Olympiad"]
[Site "Chess.com"]
[Date "2021.08.28"]
[Round "5.5"]
[White "Etienne, Angelo"]
[Black "Kalka, Shiva"]
[Result "1-0"]
[WhiteElo "1995"]
[BlackElo "1614"]
[PlyCount "79"]
[EventDate "2021.08.27"]
[EventType "team"]
[EventRounds "9"]
[SourceVersionDate "2018.05.14"]
[WhiteTeam "Haiti"]
[BlackTeam "Suriname"]
[WhiteTeamCountry "HAI"]
[BlackTeamCountry "SUR"]

1. d4 Nf6 2. Nf3 d5 3. Bf4 e6 4. e3 c5 5. c3 Bd6 6. Bg3 O-O 7. Nbd2 b6 8. Bd3
Nc6 9. O-O Bb7 10. Ne5 Qc7 11. f4 a5 12. Qe2 Rac8 13. Bh4 Be7 14. Qf3 h6 15.
Qh3 Nxe5 16. fxe5 Ne4 17. Bxe4 dxe4 18. Bxe7 Qxe7 19. Rae1 Qg5 20. Rf4 cxd4 21.
Rg4 Qxe5 22. exd4 Qf5 23. Nxe4 Bxe4 24. Rexe4 Kh7 25. Qg3 g6 26. h4 a4 27. Rgf4
Qh5 28. Qf2 g5 29. hxg5 hxg5 30. Rf3 Kg7 31. d5 Rh8 32. Qd4+ Kg8 33. Rh3 Qxh3
34. gxh3 Rxh3 35. Rg4 Rh4 36. Rxh4 gxh4 37. d6 Rd8 38. Qxb6 Rd7 39. Qc6 Rd8 40.
Qc7 1-0

[Event "2021 FIDE Online Olympiad"]
[Site "Chess.com"]
[Date "2021.08.28"]
[Round "5.6"]
[White "Kaslan, Catherine"]
[Black "Cadeau, Merisena"]
[Result "1-0"]
[WhiteElo "1856"]
[BlackElo "1439"]
[PlyCount "75"]
[EventDate "2021.08.27"]
[EventType "team"]
[EventRounds "9"]
[SourceVersionDate "2018.05.14"]
[WhiteTeam "Suriname"]
[BlackTeam "Haiti"]
[WhiteTeamCountry "SUR"]
[BlackTeamCountry "HAI"]

1. e4 c5 2. Nf3 Nc6 3. d4 cxd4 4. Nxd4 d6 5. c4 Nf6 6. Nc3 a6 7. Be2 e6 8. Be3
Bd7 9. O-O Qc7 10. f3 Be7 11. Qd2 Rc8 12. Rfc1 O-O 13. Rab1 Ne5 14. b4 Rfe8 15.
a3 Qb8 16. Nd1 Rc7 17. Nb3 Rec8 18. c5 dxc5 19. Nxc5 Bc6 20. Bf4 Rd8 21. Qc3
Bxc5+ 22. bxc5 Nd3 23. Bxd3 Rdd7 24. Bxc7 Qxc7 25. Ne3 Qd8 26. Be2 Rd2 27. Rd1
Rxd1+ 28. Rxd1 Qc7 29. Kf2 Nd7 30. Qd4 Qxh2 31. Ng4 Qc7 32. Qd6 Qc8 33. Ne5 Nf8
34. Nxc6 bxc6 35. Qe7 g6 36. Rd8 Qxd8 37. Qxd8 Kg7 38. Bxa6 1-0

[Event "2021 FIDE Online Olympiad"]
[Site "Chess.com"]
[Date "2021.08.28"]
[Round "5.1"]
[White "Rodriguez Vila, Andres"]
[Black "Benitez Galeano, Alejandro"]
[Result "1-0"]
[WhiteElo "2481"]
[BlackElo "1985"]
[PlyCount "77"]
[EventDate "2021.08.27"]
[EventType "team"]
[EventRounds "9"]
[SourceVersionDate "2018.05.14"]
[WhiteTeam "Uruguay"]
[BlackTeam "Paraguay"]
[WhiteTeamCountry "URU"]
[BlackTeamCountry "PAR"]

1. d4 g6 2. Nc3 d5 3. Bf4 Bg7 4. Qd2 Nf6 5. Bh6 O-O 6. O-O-O Re8 7. Bxg7 Kxg7
8. h4 h5 9. Nf3 c6 10. e3 Bg4 11. Be2 Bxf3 12. gxf3 e5 13. dxe5 Rxe5 14. Rhg1
Nbd7 15. f4 Re8 16. f5 Ne5 17. fxg6 fxg6 18. Kb1 Qe7 19. Rg5 Kh7 20. Rdg1 Rg8
21. Qd1 Neg4 22. Bd3 Ne4 23. R1xg4 hxg4 24. Bxe4 dxe4 25. Qxg4 Rad8 26. a3 Rd6
27. h5 Re6 28. Qh4 Rg7 29. Ne2 Kg8 30. h6 Rf7 31. Nf4 Rxf4 32. exf4 Kh8 33. Qg4
Qf7 34. f5 gxf5 35. Rxf5 Qg6 36. Qf4 Qxh6 37. Qb8+ Kh7 38. Rf7+ Kg6 39. Qg8+
1-0

[Event "2021 FIDE Online Olympiad"]
[Site "Chess.com"]
[Date "2021.08.28"]
[Round "5.2"]
[White "Heinechen, Juan"]
[Black "Hoffman, Alejandro"]
[Result "0-1"]
[WhiteElo "2001"]
[BlackElo "2507"]
[PlyCount "140"]
[EventDate "2021.08.27"]
[EventType "team"]
[EventRounds "9"]
[SourceVersionDate "2018.05.14"]
[WhiteTeam "Paraguay"]
[BlackTeam "Uruguay"]
[WhiteTeamCountry "PAR"]
[BlackTeamCountry "URU"]

1. e4 c5 2. Nf3 g6 3. d4 Bg7 4. Nc3 cxd4 5. Nxd4 Nc6 6. Be3 Nf6 7. Bc4 Qa5 8.
O-O O-O 9. Bb3 d6 10. f3 Bd7 11. Qd2 Rfe8 12. Rae1 Rac8 13. Nde2 a6 14. Bh6 Bh8
15. Nf4 Ne5 16. Qc1 Bc6 17. Kh1 b5 18. Ncd5 Bxd5 19. Nxd5 Nxd5 20. Bxd5 e6 21.
Bb3 Nc4 22. Qg5 Bxb2 23. f4 Nd2 24. Rg1 Nxb3 25. cxb3 Rc5 26. e5 Qd8 27. Qxd8
Rxd8 28. Bg5 Rd7 29. exd6 Rd5 30. Be7 Ba3 31. Rc1 Bxc1 32. Rxc1 Kg7 33. Kg1
R5xd6 34. Bxd6 Rxd6 35. Rc2 h5 36. h4 Kf6 37. Kf2 Kf5 38. g3 Kg4 39. Rc7 Rd2+
40. Ke3 Rxa2 41. Rxf7 Ra3 42. Rf6 Rxb3+ 43. Ke4 Rxg3 44. Rxg6+ Kxh4 45. Rxe6
Ra3 46. f5 Ra1 47. Ke5 b4 48. f6 Kg5 49. f7 Rf1 50. Rxa6 Rxf7 51. Rb6 Rf5+ 52.
Ke4 h4 53. Ke3 Rf4 54. Rb8 Rg4 55. Rb5+ Kf6 56. Kf3 Rg3+ 57. Kf4 b3 58. Rb6+
Ke7 59. Rb4 Kd6 60. Kf5 Kc5 61. Rxh4 b2 62. Rh1 Kc4 63. Kf4 Rg8 64. Ke3 Kc3 65.
Ke4 Re8+ 66. Kd5 Rb8 67. Rh3+ Kd2 68. Rh2+ Ke3 69. Rh3+ Kf4 70. Rb3 Rxb3 0-1

[Event "2021 FIDE Online Olympiad"]
[Site "Chess.com"]
[Date "2021.08.28"]
[Round "5.3"]
[White "de Leon, Patricia"]
[Black "Perez Rodriguez, Jennifer"]
[Result "1/2-1/2"]
[WhiteElo "1861"]
[BlackElo "2150"]
[PlyCount "81"]
[EventDate "2021.08.27"]
[EventType "team"]
[EventRounds "9"]
[SourceVersionDate "2018.05.14"]
[WhiteTeam "Uruguay"]
[BlackTeam "Paraguay"]
[WhiteTeamCountry "URU"]
[BlackTeamCountry "PAR"]

1. d4 Nf6 2. c4 e6 3. Nf3 b6 4. g3 Bb7 5. Bg2 Be7 6. O-O O-O 7. Nc3 d5 8. cxd5
Nxd5 9. Nxd5 exd5 10. Bf4 Nd7 11. Rc1 c5 12. dxc5 bxc5 13. Qc2 Nf6 14. Rfd1 Qb6
15. Nd2 Rfd8 16. Nb3 Rac8 17. Bh3 Rc6 18. Bf5 g6 19. Bh3 Bc8 20. Bxc8 Rcxc8 21.
Be5 Qe6 22. Bf4 Qh3 23. Nd2 Nh5 24. Be5 Qe6 25. Nf3 f6 26. Bc3 Ng7 27. Ba5 Re8
28. Qd3 d4 29. Qc4 Bd6 30. Kf1 Qxc4 31. Rxc4 Ne6 32. Rdc1 Rb8 33. b3 Kf7 34.
Ne1 Rb5 35. Bd2 Nd8 36. Nd3 Nb7 37. Ra4 a5 38. Rac4 Ke6 39. Bf4 Bxf4 40. Nxf4+
Kd6 41. Nd3 1/2-1/2

[Event "2021 FIDE Online Olympiad"]
[Site "Chess.com"]
[Date "2021.08.28"]
[Round "5.4"]
[White "Vargas, Gabriela"]
[Black "Silva Rosas, Natalia"]
[Result "1-0"]
[WhiteElo "2105"]
[BlackElo "1771"]
[PlyCount "95"]
[EventDate "2021.08.27"]
[EventType "team"]
[EventRounds "9"]
[SourceVersionDate "2018.05.14"]
[WhiteTeam "Paraguay"]
[BlackTeam "Uruguay"]
[WhiteTeamCountry "PAR"]
[BlackTeamCountry "URU"]

1. d4 f5 2. e4 fxe4 3. Nc3 Nf6 4. Bg5 e3 5. fxe3 g6 6. Nf3 d6 7. e4 Bg4 8. h3
Bxf3 9. Qxf3 h6 10. Bxf6 exf6 11. Nd5 Bg7 12. Nf4 g5 13. Qh5+ Kd7 14. Qf7+ Qe7
15. Qxe7+ Kxe7 16. Ng6+ Kf7 17. Nxh8+ Bxh8 18. Bc4+ Ke7 19. O-O Nc6 20. c3 a6
21. Rae1 Re8 22. Bd5 Nd8 23. b4 c6 24. Bb3 b6 25. a4 h5 26. g3 Kd7 27. h4 Re7
28. Rf5 d5 29. hxg5 fxg5 30. Rxg5 dxe4 31. Rxh5 Bf6 32. Kg2 Nb7 33. Bc2 Nd6 34.
g4 Rg7 35. Bxe4 Rxg4+ 36. Kf3 Rg7 37. Rh7 Nxe4 38. Rxg7+ Bxg7 39. Kxe4 Kd6 40.
Rg1 Bf8 41. Rg6+ Kd7 42. d5 cxd5+ 43. Kxd5 Kc7 44. Rf6 Be7 45. Rf7 Kd7 46.
Rxe7+ Kxe7 47. Kc6 a5 48. b5 1-0

[Event "2021 FIDE Online Olympiad"]
[Site "Chess.com"]
[Date "2021.08.28"]
[Round "5.5"]
[White "Vazquez, Facundo"]
[Black "Melian, Juan Sebastian"]
[Result "1-0"]
[WhiteElo "1970"]
[BlackElo "1597"]
[PlyCount "67"]
[EventDate "2021.08.27"]
[EventType "team"]
[EventRounds "9"]
[SourceVersionDate "2018.05.14"]
[WhiteTeam "Uruguay"]
[BlackTeam "Paraguay"]
[WhiteTeamCountry "URU"]
[BlackTeamCountry "PAR"]

1. d4 Nf6 2. c4 e6 3. Nf3 Bb4+ 4. Bd2 a5 5. g3 O-O 6. Bg2 d5 7. Qc2 c5 8. dxc5
d4 9. Bxb4 axb4 10. Ne5 Qc7 11. Nd3 Na6 12. O-O e5 13. Nd2 Bf5 14. Nb3 Rfd8 15.
Qd2 Ne4 16. Qe1 Ra7 17. Nxb4 Nxb4 18. Qxb4 Rc8 19. Qb6 Qxb6 20. cxb6 Ra6 21.
Bxe4 Bxe4 22. c5 Bd5 23. Rfc1 g6 24. Nd2 f5 25. b4 Ra4 26. a3 Rca8 27. Nc4 e4
28. Nd6 Kg7 29. Nb5 Kf6 30. Nc7 Rd8 31. Nxd5+ Rxd5 32. c6 bxc6 33. Rxc6+ Ke5
34. b7 1-0

[Event "2021 FIDE Online Olympiad"]
[Site "Chess.com"]
[Date "2021.08.28"]
[Round "5.6"]
[White "Oviedo Acosta, Paula"]
[Black "Roepke, Sofia"]
[Result "1-0"]
[WhiteElo "1311"]
[BlackElo "1273"]
[PlyCount "121"]
[EventDate "2021.08.27"]
[EventType "team"]
[EventRounds "9"]
[SourceVersionDate "2018.05.14"]
[WhiteTeam "Paraguay"]
[BlackTeam "Uruguay"]
[WhiteTeamCountry "PAR"]
[BlackTeamCountry "URU"]

1. e4 e6 2. d4 d5 3. Nd2 Nf6 4. e5 Nfd7 5. Bd3 c5 6. c3 Nc6 7. Ne2 cxd4 8. cxd4
f6 9. exf6 Qxf6 10. Nf3 h6 11. a3 Bd6 12. Be3 O-O 13. Ng3 Rd8 14. O-O Nf8 15.
Re1 Bd7 16. Rc1 Be8 17. Bb5 Ng6 18. Bxc6 Bxc6 19. b4 a5 20. Qb3 axb4 21. axb4
Ra4 22. Bd2 Bb5 23. Ra1 Rda8 24. Rxa4 Rxa4 25. Rc1 Ra8 26. Qb2 Nf4 27. Bxf4
Bxf4 28. Nh5 Qf5 29. Nxf4 Qxf4 30. Re1 Qf6 31. Qc3 Bc4 32. b5 Bxb5 33. Qc7 Bc6
34. Qd6 Re8 35. Ne5 Qf4 36. Qc5 Rf8 37. f3 Qd2 38. Rc1 Rc8 39. h3 Qe3+ 40. Kh1
Qf4 41. Qe7 Qf6 42. Qd6 Rd8 43. Qc7 Re8 44. Re1 Qf4 45. Rd1 Qf6 46. Nxc6 bxc6
47. Qxc6 Re7 48. Qc8+ Kf7 49. Qc5 Qf5 50. Ra1 Qf6 51. Ra7 Rxa7 52. Qxa7+ Kg6
53. Qc5 Qf4 54. Qc6 Kf6 55. Qc5 h5 56. Qf8+ Kg5 57. Qxg7+ Kh4 58. Qg6 Qc1+ 59.
Kh2 Qg5 60. g3+ Qxg3+ 61. Qxg3# 1-0

[Event "2021 FIDE Online Olympiad"]
[Site "Chess.com"]
[Date "2021.08.28"]
[Round "5.1"]
[White "Araujo Sanchez, Josue"]
[Black "Winter Atwell, Adrian"]
[Result "1-0"]
[WhiteElo "2066"]
[BlackElo "2073"]
[PlyCount "69"]
[EventDate "2021.08.27"]
[EventType "team"]
[EventRounds "9"]
[SourceVersionDate "2018.05.14"]
[WhiteTeam "Dominican Republic"]
[BlackTeam "Trinidad & Tobago"]
[WhiteTeamCountry "DOM"]

1. e4 e5 2. Nf3 Nc6 3. Bb5 Bc5 4. c3 Nf6 5. O-O O-O 6. d4 Bb6 7. dxe5 Nxe4 8.
Qd5 Nc5 9. b4 Ne6 10. a4 a6 11. Bd3 d6 12. exd6 cxd6 13. Na3 Ne7 14. Qh5 f5 15.
Re1 Qe8 16. Qxe8 Rxe8 17. a5 Bc7 18. Bc4 d5 19. Bb3 Kf8 20. Nc2 f4 21. Bd2 Bd7
22. Ne5 Bxe5 23. Rxe5 Rad8 24. Rae1 Kf7 25. g3 fxg3 26. hxg3 g6 27. Ne3 Bc6 28.
Rxe6 Kxe6 29. Nxd5+ Kf5 30. Bc2+ Kg4 31. Re4+ Kf3 32. Re3+ Kg4 33. Bd1+ Kf5 34.
g4+ Kg5 35. Rh3# 1-0

[Event "2021 FIDE Online Olympiad"]
[Site "Chess.com"]
[Date "2021.08.28"]
[Round "5.2"]
[White "Johnson, Joshua"]
[Black "Polanco Nunez, Yoel Estarling"]
[Result "1-0"]
[WhiteElo "2145"]
[BlackElo "2222"]
[PlyCount "65"]
[EventDate "2021.08.27"]
[EventType "team"]
[EventRounds "9"]
[SourceVersionDate "2018.05.14"]
[WhiteTeam "Trinidad & Tobago"]
[BlackTeam "Dominican Republic"]
[BlackTeamCountry "DOM"]

1. e4 c5 2. Nf3 d6 3. Bb5+ Nd7 4. a4 Ngf6 5. Nc3 g6 6. a5 a6 7. Bc4 Bg7 8.
Bxf7+ Kxf7 9. Ng5+ Kg8 10. Ne6 Qe8 11. Nc7 Qf7 12. Nxa8 Ne5 13. Nb6 Bg4 14. f3
Be6 15. d3 g5 16. Bxg5 Qg6 17. Qd2 Nc6 18. Ne2 h6 19. Nf4 Qxg5 20. Nxe6 Qe5 21.
Nxg7 Qxb2 22. O-O Kxg7 23. Nc4 Qd4+ 24. Qf2 d5 25. exd5 Nxd5 26. Rab1 Rb8 27.
Kh1 Qxf2 28. Rxf2 Kf6 29. Nb6 Nxb6 30. axb6 Ke5 31. Re2+ Kd4 32. Rb3 e5 33. c4
1-0

[Event "2021 FIDE Online Olympiad"]
[Site "Chess.com"]
[Date "2021.08.28"]
[Round "5.3"]
[White "Santos Almonte, Carol"]
[Black "Johnson, Gabriella"]
[Result "0-1"]
[WhiteElo "1680"]
[BlackElo "1733"]
[PlyCount "74"]
[EventDate "2021.08.27"]
[EventType "team"]
[EventRounds "9"]
[SourceVersionDate "2018.05.14"]
[WhiteTeam "Dominican Republic"]
[BlackTeam "Trinidad & Tobago"]
[WhiteTeamCountry "DOM"]

1. d4 d5 2. c4 c6 3. Nc3 Nf6 4. Nf3 e6 5. e3 a6 6. cxd5 exd5 7. Bd3 Nbd7 8. O-O
c5 9. b3 b5 10. dxc5 Bxc5 11. Bb2 O-O 12. Rc1 Bb7 13. Bf5 Bb6 14. Nd4 Re8 15.
Re1 Nc5 16. Nce2 Nfe4 17. b4 Ne6 18. Nxe6 Rxe6 19. Bxe6 fxe6 20. Nd4 Qe7 21.
Qg4 Re8 22. Nxe6 Nf6 23. Bxf6 Qxf6 24. Nd4 Re4 25. Qd7 Re7 26. Qf5 Bxd4 27. Qd3
Be5 28. h3 h6 29. a3 Rf7 30. Rf1 g5 31. Qc2 d4 32. exd4 Bxd4 33. Qd1 Qf4 34.
Rb1 Bxf2+ 35. Kh1 Bxg2+ 36. Kxg2 Qg3+ 37. Kh1 Qxh3# 0-1

[Event "2021 FIDE Online Olympiad"]
[Site "Chess.com"]
[Date "2021.08.28"]
[Round "5.4"]
[White "James, Shemilah"]
[Black "Cabreja Lora, Suzette"]
[Result "1-0"]
[WhiteElo "1494"]
[BlackElo "1623"]
[PlyCount "127"]
[EventDate "2021.08.27"]
[EventType "team"]
[EventRounds "9"]
[SourceVersionDate "2018.05.14"]
[WhiteTeam "Trinidad & Tobago"]
[BlackTeam "Dominican Republic"]
[BlackTeamCountry "DOM"]

1. e4 c5 2. Nf3 d6 3. d4 cxd4 4. Nxd4 Nf6 5. Nc3 a6 6. Be2 e5 7. Nf3 Be7 8. O-O
Nc6 9. Bg5 Be6 10. Qd2 h6 11. Bxf6 Bxf6 12. Rad1 Be7 13. Nd5 Bxd5 14. exd5 Nb8
15. Qb4 Qc7 16. c4 Nd7 17. Qc3 O-O 18. Nd2 Bg5 19. Ne4 Be7 20. Ng3 f5 21. f4 e4
22. Nh5 Nf6 23. Nxf6+ Bxf6 24. Qd2 Qb6+ 25. Kh1 Rfe8 26. Bh5 e3 27. Qe2 Rf8 28.
Rf3 Bd4 29. b3 Rf6 30. Rg3 Kh7 31. Qd3 g6 32. Qxd4 Qxd4 33. Rxd4 gxh5 34. Rxe3
Raf8 35. Kg1 Rg8 36. Rd2 Rfg6 37. Rh3 Rg4 38. Rf3 R8g7 39. h3 R4g6 40. Re2 b5
41. cxb5 axb5 42. Rfe3 h4 43. Re7 h5 44. Rxg7+ Rxg7 45. Re6 Ra7 46. Rxd6 Rxa2
47. Rb6 Rd2 48. Rxb5 Rd4 49. Rb7+ Kg6 50. Rb6+ Kh7 51. d6 Rxf4 52. d7 Rd4 53.
Rb7 Kh6 54. Kf2 Kg5 55. b4 Kf4 56. Ke2 Kg3 57. Ke3 Rd1 58. Rc7 Kxg2 59. Rc2+
Kxh3 60. Rd2 f4+ 61. Ke2 f3+ 62. Kxd1 Kg3 63. d8=Q f2 64. Qg8+ 1-0

[Event "2021 FIDE Online Olympiad"]
[Site "Chess.com"]
[Date "2021.08.28"]
[Round "5.5"]
[White "Mesa Cruz, Juan Carlos"]
[Black "Yearwood, Sean"]
[Result "1-0"]
[WhiteElo "2040"]
[BlackElo "1678"]
[PlyCount "111"]
[EventDate "2021.08.27"]
[EventType "team"]
[EventRounds "9"]
[SourceVersionDate "2018.05.14"]
[WhiteTeam "Dominican Republic"]
[BlackTeam "Trinidad & Tobago"]
[WhiteTeamCountry "DOM"]

1. e4 d6 2. d4 Nf6 3. Nc3 g6 4. Nf3 Bg7 5. Bc4 O-O 6. Qe2 Bg4 7. e5 dxe5 8.
dxe5 Ne8 9. Bf4 e6 10. O-O c6 11. h3 Bxf3 12. Qxf3 Qb6 13. Rfd1 Nc7 14. Ne4 Nd5
15. Nf6+ Nxf6 16. exf6 Bxf6 17. Bxb8 Bxb2 18. Rab1 Raxb8 19. Qe2 Rbd8 20. Rxd8
Rxd8 21. c3 Qc5 22. Rxb2 b5 23. Bb3 Qxc3 24. Rb1 Rd2 25. Qe1 Qd4 26. Rc1 c5 27.
Rxc5 Qxc5 28. Qxd2 b4 29. Qc2 Qd6 30. Qe4 Qb6 31. Qe5 a5 32. h4 h5 33. Qe3 Qc7
34. Qg5 Kf8 35. Qf6 Ke8 36. Ba4+ Kf8 37. Qh8+ Ke7 38. Qe8+ Kd6 39. g3 Qc1+ 40.
Kh2 Qc7 41. Qb5 Ke7 42. Bb3 Qa7 43. Qg5+ f6 44. Qe3 Qxe3 45. fxe3 e5 46. Bc2 f5
47. Kg2 e4 48. Kf2 Kd6 49. Ke2 Kc5 50. Ba4 Kc4 51. Kd2 Kc5 52. Be8 Kc4 53. Bf7+
Kb5 54. Bxg6 a4 55. Be8+ Ka5 56. Bxh5 1-0

[Event "2021 FIDE Online Olympiad"]
[Site "Chess.com"]
[Date "2021.08.28"]
[Round "5.6"]
[White "La Fleur, Zara"]
[Black "Ramirez Luzon, Franchesca"]
[Result "1-0"]
[WhiteElo "1299"]
[BlackElo "1743"]
[PlyCount "59"]
[EventDate "2021.08.27"]
[EventType "team"]
[EventRounds "9"]
[SourceVersionDate "2018.05.14"]
[WhiteTeam "Trinidad & Tobago"]
[BlackTeam "Dominican Republic"]
[BlackTeamCountry "DOM"]

1. e4 c5 2. Nf3 Nc6 3. d4 cxd4 4. Nxd4 Qb6 5. Nb3 Nf6 6. Nc3 e6 7. Be3 Qc7 8.
a3 Be7 9. f4 d6 10. Be2 a6 11. O-O O-O 12. a4 Rb8 13. a5 Nd7 14. f5 Bf6 15.
fxe6 fxe6 16. Bg4 Nde5 17. Bb6 Qe7 18. Be2 Ng6 19. Nd4 Bd7 20. Bc4 Rbc8 21. Nf5
Qf7 22. Nxd6 Qe7 23. Nxc8 Rxc8 24. Bb3 Be5 25. Qg4 Nd4 26. Rad1 Nxb3 27. cxb3
Bc6 28. Nd5 Bxd5 29. exd5 Rc2 30. dxe6 1-0

[Event "2021 FIDE Online Olympiad"]
[Site "Chess.com"]
[Date "2021.08.28"]
[Round "5.1"]
[White "Cueto, Jonny"]
[Black "Savva, Marios"]
[Result "1/2-1/2"]
[WhiteElo "2295"]
[BlackElo "1777"]
[PlyCount "64"]
[EventDate "2021.08.27"]
[EventType "team"]
[EventRounds "9"]
[SourceVersionDate "2018.05.14"]
[WhiteTeam "Bolivia"]
[BlackTeam "Cyprus"]
[WhiteTeamCountry "BOL"]
[BlackTeamCountry "CYP"]

1. d4 Nf6 2. Bf4 g6 3. e3 Bg7 4. c4 O-O 5. Nc3 d5 6. Nf3 c5 7. dxc5 Qa5 8. Qa4
Qxc5 9. Qb5 Qxb5 10. Nxb5 Na6 11. Nc7 Nxc7 12. Bxc7 Be6 13. Nd4 dxc4 14. Nxe6
fxe6 15. Bxc4 Nd5 16. Bxd5 exd5 17. Ke2 Rac8 18. Rac1 Bxb2 19. Rc2 e5 20. Rb1
Rf7 21. Rbxb2 Rfxc7 22. Rd2 Rd8 23. Rb5 Rcd7 24. a4 Kf7 25. a5 Ke6 26. Rdb2 Rb8
27. h4 h5 28. f3 Kf5 29. Rd2 Rbd8 30. Rdb2 Rb8 31. Rd2 Rbd8 32. Rdb2 Rb8
1/2-1/2

[Event "2021 FIDE Online Olympiad"]
[Site "Chess.com"]
[Date "2021.08.28"]
[Round "5.3"]
[White "Monroy G., Nataly A."]
[Black "Ioannides Liu, Alice"]
[Result "1-0"]
[WhiteElo "1906"]
[BlackElo "1475"]
[PlyCount "117"]
[EventDate "2021.08.27"]
[EventType "team"]
[EventRounds "9"]
[SourceVersionDate "2018.05.14"]
[WhiteTeam "Bolivia"]
[BlackTeam "Cyprus"]
[WhiteTeamCountry "BOL"]
[BlackTeamCountry "CYP"]

1. d4 Nf6 2. c4 g6 3. Nf3 Bg7 4. Nc3 c6 5. g3 d5 6. Bg2 O-O 7. O-O dxc4 8. Ne5
Nbd7 9. Nxc4 Nb6 10. Ne5 Nbd5 11. e4 Nxc3 12. bxc3 Qb6 13. Be3 Qa5 14. Qb3 Ne8
15. Nc4 Qc7 16. Bf4 Nd6 17. Qb4 Rd8 18. Rab1 a5 19. Qb6 Qxb6 20. Nxb6 Ra7 21.
Rfd1 Nb5 22. Rdc1 Be6 23. a4 Na3 24. Rb2 Ra6 25. Bf1 Ra7 26. Ra1 Nb5 27. axb5
cxb5 28. Rxb5 Bg4 29. Rbxa5 Rxa5 30. Rxa5 Bf3 31. Bg2 Be2 32. Ra8 Rxa8 33. Nxa8
b5 34. e5 f6 35. Bd5+ Kf8 36. Nc7 Bh8 37. Bh6+ Bg7 38. Ne6+ Ke8 39. Bxg7 Kd7
40. exf6 exf6 41. Bxf6 Kd6 42. Bb3 Bc4 43. Bxc4 bxc4 44. Nc5 Kd5 45. f4 Kd6 46.
Kf2 h5 47. h3 Kd5 48. Ke3 Kd6 49. g4 hxg4 50. hxg4 Kc7 51. Ke4 Kd6 52. Be5+ Ke7
53. d5 Kf7 54. d6 Kf8 55. d7 Ke7 56. Bf6+ Kf7 57. d8=Q g5 58. Qe7+ Kg6 59. Qg7#
1-0